| 000 | 00735na a2200241 4500 | ||
|---|---|---|---|
| 001 | 12586 | ||
| 003 | MIRAKIL | ||
| 005 | 20181213154829.0 | ||
| 008 | 160821b tu 000 0 | ||
| 035 | _a12586 | ||
| 040 |
_aMilas _btur _cTR-AnCHP |
||
| 082 |
_a128 _bY28i 2000 |
||
| 090 | _a128 Y28i 2000 | ||
| 100 | _aYavuzcan, Mehmet Güngör | ||
| 245 |
_aİnsan ve dünyası nedir sorusuna yanıt _bİnsanı yönlendiren evrensel doğrular _cMehmet Güngör Yavuzcan |
||
| 246 | _aİnsanı yönlendiren evrensel doğrular | ||
| 260 |
_aAnkara _b[yayl.y.] _c2000 |
||
| 300 |
_a125 s. _c24 sm. |
||
| 650 | _aYaşam felsefesi | ||
| 650 | _aÖzgerçekleştirim (Psikoloji) | ||
| 650 |
_aYaşam biçimi _xFelsefe |
||
| 942 |
_2ddc _cBKS |
||
| 999 |
_c1603 _d1603 |
||